Dôchodkové zabezpečenie v sociálnom systéme spoločností

Systém dôchodkového zabezpečenia ako súčasť sociálneho modelu každého štátu. Význam modernizácie dôchodkových systémov a spôsoby financovania dôchodkov. Sociálne vzťahy, podmienky a procesy, ktoré sa prejavujú v cieľoch sociálnych subjektov.

Salvato in:
Dettagli Bibliografici
Autore principale: Rievajová, Eva
Natura: Capitolo di libro
Lingua:slovacco
Soggetti:
Tags: Aggiungi Tag
Nessun Tag, puoi essere il primo ad aggiungerne!!

MARC

LEADER 00000naa a2200000 4500
001 0180706
005 20240502083424.6
041 0 |a slo 
044 |a CZ 
245 1 0 |a Dôchodkové zabezpečenie v sociálnom systéme spoločností 
520 |a Systém dôchodkového zabezpečenia ako súčasť sociálneho modelu každého štátu. Význam modernizácie dôchodkových systémov a spôsoby financovania dôchodkov. Sociálne vzťahy, podmienky a procesy, ktoré sa prejavujú v cieľoch sociálnych subjektov. 
610 2 0 |a systémy sociálne 
610 2 0 |a modely sociálne 
610 2 0 |a politika sociálna 
610 2 0 |a zabezpečenie sociálne 
610 2 0 |a zabezpečenie dôchodkové 
100 1 |a Rievajová, Eva